Impact of Institutional and Regulatory Frameworks on the Food Crops Subsector in Kenya: 1990-1999 (Record no. 2440)
[ view plain ]
| 000 -LEADER | |
|---|---|
| fixed length control field | 00407nam a22001217a 4500 |
| 008 - FIXED-LENGTH DATA ELEMENTS--GENERAL INFORMATION | |
| fixed length control field | 230623b xxu||||| |||| 00| 0 eng d |
| 020 ## - INTERNATIONAL STANDARD BOOK NUMBER | |
| International Standard Book Number | 9966949364 |
| 082 ## - DEWEY DECIMAL CLASSIFICATION NUMBER | |
| Classification number | 330. |
| Item number | Nya 2002 |
| 245 ## - TITLE STATEMENT | |
| Title | Impact of Institutional and Regulatory Frameworks on the Food Crops Subsector in Kenya: 1990-1999 |
| 260 ## - PUBLICATION, DISTRIBUTION, ETC. (IMPRINT) | |
| Place of publication, distribution, etc. | Kenya |
| Name of publisher, distributor, etc. | Kenya Institute for Public Policy Research and Analysis |
| Date of publication, distribution, etc. | 1992 |
| 300 ## - PHYSICAL DESCRIPTION | |
| Extent | 41p |
| 942 ## - ADDED ENTRY ELEMENTS (KOHA) | |
| Source of classification or shelving scheme | Dewey Decimal Classification |
| Koha item type | Books |
| Withdrawn status | Lost status | Source of classification or shelving scheme | Damaged status | Not for loan | Home library | Current library | Date acquired | Total Checkouts | Full call number | Barcode | Date last seen | Price effective from | Koha item type |
|---|---|---|---|---|---|---|---|---|---|---|---|---|---|
| Dewey Decimal Classification | County Hall Archives | County Hall Archives | 06/23/2023 | 330. Nya 2002 | 10009756 | 06/23/2023 | 06/23/2023 | Books |
